| 000 | 01027cam a2200181 4500 | ||
|---|---|---|---|
| 001 | WB3934-13 | ||
| 008 | 030910n2003 000 0 eng u | ||
| 035 | _a(Sirsi) u123541 | ||
| 245 | _aMicro satellites to revolutionise disaster monitoring | ||
| 260 | _c2003 | ||
| 490 |
_aDTI Press Release _v(P/20003/465) 8 September 2003 (2) |
||
| 520 | _aNew micro satellites developed by UK firm Surrey Satellite Technology Ltd are set to improve the monitoring and management of natural and man-made disasters. The Disaster Monitoring Constellation (DMC) will provide frequent and reliable earth observation images to international relief agencies. Three satellites in the constellation are due to be launched in September, with the final DMC satellite launched in 2005. http://www.gnn.gov.uk/gnn/national.nsf/TI/8D1804629E62DA3B80256D9B00422A26?opendocument | ||
| 590 | _aWB | ||
| 650 | _aEO SATELLITES | ||
| 650 | _aMANAGEMENT-RICS PRESIDENT'S COMMISSION ON MAJOR DISASTER MANAGMENT | ||
| 690 |
_aGeomatics _96242 |
||
| 942 | _n0 | ||
| 999 |
_c73376 _d73376 |
||